| 000 | 00762nam a2200229 a 4500 | ||
|---|---|---|---|
| 999 |
_c10341 _d10341 |
||
| 001 | 10341 | ||
| 003 | BD-JhCC | ||
| 005 | 20220526134020.0 | ||
| 008 | 180424s2016 bg |||| |||| 000 0 ben d | ||
| 020 | _a9788129528339 | ||
| 035 | _a(BD-JhCC)10341 | ||
| 040 |
_aBD-JhCC _dBD-JhCC |
||
| 041 | _aben | ||
| 082 |
_a891.4415 _bCHO 2016 |
||
| 100 | _aচক্রবর্তী, ,অমিয় | ||
| 245 |
_aকবিতা সমগ্র / _cঅমিয় চক্রবর্তী, সম্পাদনায় নরেশ গুহ, |
||
| 260 |
_aকলকাতা : _bদে’জ পাবলিশিং, _c২০১৬. |
||
| 300 |
_a2 v. : _c19 cm. |
||
| 650 | _aBengali poetry | ||
| 700 | _aগুহ, নরেশ | ||
| 942 |
_2ddc _cBK _02 |
||